| 000 | 00371nam a2200157Ia 4500 | ||
|---|---|---|---|
| 008 | 230312s9999||||xx |||||||||||||| ||und|| | ||
| 020 | _a0-672-32205-6 | ||
| 082 |
_a004.6 _bSTA-F |
||
| 100 | _aWilliam R. Stanek | ||
| 245 | 0 | _aMicrofoft Page 2002 | |
| 260 |
_bSAMS _aUSA _c2002 |
||
| 300 | _a1184 | ||
| 546 | _aEng. | ||
| 650 |
_aComputer _vFront page , Web |
||
| 942 | _cBK | ||
| 999 |
_c3506 _d3506 |
||